La contratación informática: el nuevo horizonte contractual, los contratos electrónicos e informáticos

Salvato in:
Dettagli Bibliografici
Autori principali: Carrascosa López, V (Autore), Pozo Arranz, María A (Autore), Rodríguez de Castro, E. P (Autore)
Natura: Libro
Lingua:spagnolo
Pubblicazione: Granada Comares 1999
Edizione:2a. ed
Serie:Biblioteca Comares de Ciencia Jurídica
Soggetti:
Tags: Aggiungi Tag
Nessun Tag, puoi essere il primo ad aggiungerne!!

MARC

LEADER 00000nam a2200000 a 4500
001 UCP6226
003 CL-VaPUC
008 991015e19990000SP |||||||||||||||||spa|d
082 0 4 |a 346.02  |b CAR  |2 21 
100 0 |a Carrascosa López, V  |e author  |9 435183 
700 0 |a Pozo Arranz, María A  |e author  |9 435184 
700 0 |a Rodríguez de Castro, E. P  |e author  |9 435185 
245 1 3 |a La contratación informática: el nuevo horizonte contractual, los contratos electrónicos e informáticos 
250 |a 2a. ed 
300 |a 412 p 
942 |c BK 
945 |d 19991015 00:00:00  |a vberengu 
260 |a Granada  |b Comares  |c 1999 
650 0 |a Contratos  |9 255153 
650 7 |a DESARROLLO TECNOLOGICO  |2 CL-VaPUC  |9 259800 
650 0 |a Informática   |9 260044 
650 0 |a Aspectos jurídicos  |9 328188 
583 |a last modification  |c 20160920 04:34:35  |k Rodrigo Vera 
490 0 |a Biblioteca Comares de Ciencia Jurídica 
999 |c 283829  |d 283827 
952 |0 0  |1 0  |4 0  |6 346_020000000000000_CAR_1999  |7 0  |8 A  |9 327309  |a BIBDER  |b BIBDER  |d 2019-11-20  |i 3569330  |o 346.02 CAR 1999  |p 3569330  |r 2023-01-25  |w 2019-11-20  |y BK  |k DER